000
00321nam a22001337a 4500
008
230523b |||||||| |||| 00| 0 eng d
020
_a
9789390644261
100
_a
Bare Act
245
_a
The Code of Criminal Procedure 1973
260
_a
Delhi
_b
L&J Pub.
_c
2023
300
_a
440
546
_a
English
942
_2
ddc
_c
BK
999
_c
20036
_d
20036